00537nam a22001812 4500001001100000005001700011008004100028020001700069040001500086100003600101245008200137250001300219260003600232300001900268650003400287650003100321852000300352000001841620151217155220.0091028s xx 000 0 eng d a0072875062 : aKABUcKABU1 aSaladin, Kenneth S.@000017766010aAnatomy & physiology :bthe unity of form and function /cKenneth S. Saladin. a4th ed. aNew York :bMcGraw-Hill,c2007. axxxi, 1140 p. 0aHuman physiology.@0000155597 0aHuman anatomy.@00001555981